| 000 | 01160cam a2200325 a 4500 | ||
|---|---|---|---|
| 001 | 2035 | ||
| 005 | 20231101130040.0 | ||
| 020 | _a9780385734912 (trade) | ||
| 020 | _a9780385904872 (lib. bdg.) | ||
| 020 | _a9780375897368 (ebook) | ||
| 020 | _a9780440422143 (pbk.) | ||
| 040 |
_aDLC _cDLC _dDLC _beng |
||
| 050 | 0 | 0 |
_aPZ7.C94137 _bMi 2012 |
| 082 | 0 | 0 |
_a[Fic] _223 |
| 100 | 1 | _aCurtis, Christopher Paul. | |
| 245 | 1 | 4 |
_aThe mighty Miss Malone / _cChristopher Paul Curtis. |
| 250 | _aFirst Yearling Edition 2013 | ||
| 260 |
_aNew York : _bRandom House _c2012 |
||
| 300 |
_a307 pages ; _c20 cm |
||
| 505 | _aM | ||
| 520 | _aWith love and determination befitting the "world's greatest family," twelve-year-old Deza Malone, her older brother Jimmie, and their parents endure tough times in Gary, Indiana, and later Flint, Michigan, during the Great Depression. | ||
| 521 |
_a750
_bLexile |
||
| 521 |
_aM
_bRaz-Plus |
||
| 650 | 1 |
_aFamily life _vFiction. |
|
| 650 | 1 |
_aDepressions _y1929 _vFiction. |
|
| 650 | 1 |
_aPoverty _vFiction. |
|
| 650 | 1 |
_aAfrican Americans _vFiction. |
|
| 906 |
_a7 _bcbc _corignew _d1 _eecip _f20 _gy-gencatlg |
||
| 942 |
_2ddc _cBK _n0 |
||
| 999 |
_c2035 _d2035 |
||